| 000 | 00901cab a2200205 4500 | ||
|---|---|---|---|
| 001 | X3584 | ||
| 008 | 090401t1996 xxu||||| |||| 00| 0 eng d | ||
| 035 | _a(Sirsi) u31304 | ||
| 041 | _aeng | ||
| 245 | _aCleethorpes BC v M G Carbon (UK) Ltd | ||
| 260 | _c1996 | ||
| 350 | _a0 | ||
| 490 |
_aPlanning Appeal Decisions _v1996 11 PAD 467-473(6) |
||
| 520 | _aRefusal to vary condition in authorisation. Loading and unloading of coal. Permanent wind-reducing barrier. Dust emissions. Trees, bunds and fences. Water controls of dust. Dusts in nearby residential areas. Effects on nearby enterprises. Minimisation of offence to any of mans`s senses. Costst of wind barriers. REeised scheme to be submitted and completed within timee period. (ABSTRACT FROM JOURNAL) | ||
| 650 | _aCOAL | ||
| 650 | _aDUST EMISSION | ||
| 690 | _aENVIRONMENTAL AND LAND CONSULTANCY | ||
| 942 | _n0 | ||
| 948 | _c04/03/1997 | ||
| 999 |
_c21026 _d21026 |
||